02014naa a2200193 a 450000100080000000500110000800800410001910000180006024501700007826000090024852013380025765300140159565300180160965300160162765300160164370000170165970000170167677301270169311207232014-04-29 2013 bl uuuu u00u1 u #d1 aAQUINO, R. S. aAvalia????o simbi??tica de Adesmia latifolia com riz??bios, em casa de vegeta????o de estirpes pr??-selecionadas em condi????es hidrop??nicas.h[electronic resource] c2013 aAs bact??rias conhecidas por riz??bios infectam as ra??zes de leguminosas e vivem de maneira simbi??tica com as mesmas, formando n??dulos nas ra??zes. No interior destes h?? forma????o de complexos enzim??ticos capazes de catalisar rea????es para redu????o do nitrog??nio do ar (N2) em am??nia (NH3), disponibilizando-o para a planta utilizar em processos metab??licos. Assim, a presen??a destas bact??rias, substitui o uso de fertilizantes agr??colas ?? base de nitrog??nio utilizados na agricultura. A planta Adesmia latifolia ?? capaz de formar simbiose com riz??bios. Esta ?? uma leguminosa forrageira com grande potencial e pouco explorada no sul do Brasil, existente no Rio Grande do Sul e Santa Catarina. O objetivo deste trabalho ?? realizar a sele????o de riz??bios eficientes na fixa????o de nitrog??nio atmosf??rico em condi????es n??o est??reis, em casa de vegeta????o, de isolados pr??-selecionadas em condi????es hidrop??nicas com Adesmia latifolia, segundo metodologia recomendada pela RELARE. O experimento foi realizado a partir de Agosto de 2012 at?? Fevereiro 2013. Na avalia????o deste foi observado a presen??a de nemat??deos em alguns grupos de plantas o que pode influenciar na forma????o de simbiose entre planta e bact??ria. Assim, o grupo decidiu repetir o experimento, o qual terminar?? em meados de Julho. abact??ria abiotecnologia aEfici??ncia anodula????o1 aPIERI, M. M.1 aCOSTA, M. D. tIn: SEMIN??RIO DE PESQUISA, EXTENS??O E INOVA????O DO IFSC (SEPEI), 3., 2013, Lages, SC. Anais... Lages, SC: [s.n.], 2013.